FY2014-FY2016 Medium-Term Budget.

The proposed FY 14-16 Medium-Term Budget was formulated within the Fund's strengthened strategic planning framework and seeks to align the allocation of resources to the delivery of institutional priorities. Despite the additional resources that have been provided to meet crisis demands, crisis...

Descrizione completa

Dettagli Bibliografici
Ente Autore: International Monetary Fund
Natura: Periodico
Lingua:English
Pubblicazione: Washington, D.C. : International Monetary Fund, 2013.
Serie:Policy Papers; Policy Paper ; No. 2013/024
Soggetti:
Accesso online:Full text available on IMF
LEADER 01643cas a2200253 a 4500
001 AALejournalIMF020337
008 230101c9999 xx r poo 0 0eng d
020 |c 5.00 USD 
020 |z 9781498342087 
022 |a 2663-3493 
040 |a BD-DhAAL  |c BD-DhAAL 
110 2 |a International Monetary Fund. 
245 1 0 |a FY2014-FY2016 Medium-Term Budget. 
264 1 |a Washington, D.C. :  |b International Monetary Fund,  |c 2013. 
300 |a 1 online resource (24 pages) 
490 1 |a Policy Papers 
500 |a <strong>Off-Campus Access:</strong> No User ID or Password Required 
500 |a <strong>On-Campus Access:</strong> No User ID or Password Required 
506 |a Electronic access restricted to authorized BRAC University faculty, staff and students 
520 3 |a The proposed FY 14-16 Medium-Term Budget was formulated within the Fund's strengthened strategic planning framework and seeks to align the allocation of resources to the delivery of institutional priorities. Despite the additional resources that have been provided to meet crisis demands, crisis related work and overall work pressures remain elevated. At the same time, available resources are not being fully utilized. Therefore, the budget strategy-instead of asking for further additional resources-is geared toward making more efficient use of existing resources to reduce work pressures and meet new demands. 
538 |a Mode of access: Internet 
651 7 |a United States  |2 imf 
830 0 |a Policy Papers; Policy Paper ;  |v No. 2013/024 
856 4 0 |z Full text available on IMF  |u http://elibrary.imf.org/view/journals/007/2013/024/007.2013.issue-024-en.xml  |z IMF e-Library